Score 0/100 Timer 20:00
0 Plays Today
Episodes % Correct
Don't Give Up the Ship
74%
Send in the Clones
72.9%
Sphinx for the Memories
63.5%
Earth Quack
63.5%
Home Sweet Homer
63.5%
Luck o' the Ducks
61.5%
Three Ducks of the Condor
60.4%
Sir Gyro de Gearloose
59.4%
Aqua Ducks
59.4%
Duck to the Future
59.4%
Wrongway in Ronguay
58.3%
Dinosaur Ducks
58.3%
Double-O-Duck
57.3%
Cold Duck
56.3%
Launchpad's Civil War
56.3%
Dr. Jekyll & Mr. McDuck
56.3%
Armstrong
55.2%
Hero for Hire
55.2%
Scrooge's Pet
55.2%
Time Teasers
55.2%
Magica's Magic Mirror-Take Me Out of the Ballgame
55.2%
A DuckTales Valentine
55.2%
Bermuda Triangle Tangle
54.2%
Once Upon a Dime
54.2%
Magica's Shadow War
53.1%
Superdoo!
53.1%
Ducks of the West
53.1%
Back Out in the Outback
53.1%
Jungle Duck
53.1%
Ducky Horror Picture Show
53.1%
Too Much of a Gold Thing
52.1%
Robot Robbers
52.1%
Back to the Klondike
52.1%
Spies in Their Eyes
52.1%
Episodes % Correct
Lost Crown of Genghis Khan
51%
The Money Vanishes
51%
Micro Ducks from Outer Space
51%
Scroogerello
51%
Launchpad's First Crash
51%
The Golden Goose Part 1
51%
The Golden Goose Part 2
51%
Where No Duck Has Gone Before
50%
Maid of the Myth
50%
Down & Out in Duckburg
50%
Master of the Djinni
49%
Duckman of Aquatraz
49%
Much Ado About Scrooge
49%
Pearl of Wisdom
49%
Sweet Duck of Youth
49%
Merit-Time Adventure
49%
Money to Burn
49%
Hotel Strangeduck
47.9%
The Curse of Castle McDuck
47.9%
A Whale of a Bad Time
47.9%
The Golden Fleecing
47.9%
Duckworth's Revolt
47.9%
Top Duck
46.9%
Horse Scents
46.9%
Raiders of the Lost Harp
46.9%
All Ducks on Deck
46.9%
Frozen Assets
46.9%
The Billionaire Beagle Boys Club
46.9%
Working for Scales
45.8%
The Duck Who Would Be King
45.8%
Liquid Assets
45.8%
A Drain on the Economy
44.8%
The Right Duck
44.8%
Till Nephews Do Us Part
44.8%
Episodes % Correct
Scrooge's Last Adventure
44.8%
Duck in the Iron Mask
43.8%
Dime Enough for Luck
42.7%
Bubba Trubba
42.7%
Full Metal Duck
42.7%
Bubbeo & Julie
42.7%
Nothing to Fear
41.7%
Marking Time
41.7%
Ducks on the Lam
41.7%
Allowance Day
41.7%
Attack of the Fifty-Foot Webby
41.7%
New Gizmo-Kids on the Block
41.7%
The Masked Mallard
40.6%
Bubba's Big Brainstorm
39.6%
The Big Flub
39.6%
Blue Collar Scrooge
39.6%
The Duck Who Knew Too Much
39.6%
Ali Bubba's Cave
38.5%
The Land of Trala La
38.5%
The Good Muddahs
38.5%
My Mother the Psychic
38.5%
The Unbreakable Bin
38.5%
Ducky Mountain High
38.5%
The Uncrashable Hindentanic
37.5%
Metal Attraction
37.5%
The Bride Wore Stripes
37.5%
The Status Seekers
36.5%
Dough Ray Me
36.5%
A Case of Mistaken Secret Identity
36.5%
Beaglemania
36.5%
Yuppy Ducks
36.5%
Attack of the Metal Mites
36.5%
Remove Ads.
Support Sporcle.
Get the best of Sporcle when you Go Orange. This ad-free experience offers more features, more stats, and more fun while also helping to support Sporcle. Thank you for becoming a member.

You're not logged in!

Compare scores with friends on all Sporcle quizzes.
OR
Log In

Show Comments

Extras

Top Quizzes Today


Score Distribution

Your Account Isn't Verified!

In order to create a playlist on Sporcle, you need to verify the email address you used during registration. Go to your Sporcle Settings to finish the process.

Report this User

Report this user for behavior that violates our Community Guidelines.

Details: